MARC

LEADER 00000nam0a2200000 4500
001 31424
005 20231030204455.0
010 |a 5222014991 
035 |a (RuTPU)RU\TPU\book\31702 
035 |a BOOK00031781 
090 |a 31424 
100 |a 20011209d2001 m y0rusy50 ca 
101 0 |a rus 
102 |a RU 
105 |a a j 001zy 
200 1 |a Сопротивление материалов  |e учебное пособие  |f В. Т. Кочетов, А. Д. Павленко, М. В. Кочетов 
205 |a 2-е изд, перераб. и доп. 
210 |a Ростов-на-Дону  |c Феникс  |d 2001 
215 |a 368 с.  |c ил. 
225 1 |a Для студентов вузов 
320 |a Библиогр.: с. 362. 
610 1 |a сопротивление материалов 
610 1 |a учебные пособия 
610 1 |a материалы 
610 1 |a усталость 
610 1 |a разрушение 
675 |a 539.3/.6(075.8)  |v 3 
700 1 |a Кочетов  |b В. Т.  |g Виктор Терентьевич 
701 1 |a Павленко  |b А. Д.  |g Александр Дмитриевич 
701 1 |a Кочетов  |b М. В.  |g Михаил Викторович 
801 0 |a RU  |b 63413507  |c 20011209  |g PSBO 
801 2 |a RU  |b 63413507  |c 20110615  |g PSBO 
942 |c BK